000 00679nam a2200289Ia 4500
005 20260324142453.0
008 008 260324s9999 xx 000 0 eng d
020 _a9780429493560
037 _aEBOOK
040 _aCRL
040 _beng
040 _cCRL
041 _2eng
041 _aeng
084 _qCRL
100 _aNorman Miller; Rodger Yeager
_91212063
245 0 _aKenya
245 4 _bThe Quest For Prosperity, Second Edition
260 _bTaylor and Francis
260 _c1994
365 _a
365 _b230
856 _uhttp://www.taylorfrancis.com/books/9780429493560
942 _cEBOOK
999 _c1816295
_d1816295